<?xml version="1.0" encoding="UTF-8"?>
<record
    xmlns:xsi="http://www.w3.org/2001/XMLSchema-instance"
    xsi:schemaLocation="http://www.loc.gov/MARC21/slim http://www.loc.gov/standards/marcxml/schema/MARC21slim.xsd"
    xmlns="http://www.loc.gov/MARC21/slim">

  <leader>01647    a2200241   4500</leader>
  <controlfield tag="003">Nust</controlfield>
  <controlfield tag="005">20231106114348.0</controlfield>
  <datafield tag="010" ind1=" " ind2=" ">
    <subfield code="a">  2009051628</subfield>
  </datafield>
  <datafield tag="020" ind1=" " ind2=" ">
    <subfield code="a">9780071633758 (alk. paper)</subfield>
  </datafield>
  <datafield tag="040" ind1=" " ind2=" ">
    <subfield code="c">Nust</subfield>
  </datafield>
  <datafield tag="082" ind1="0" ind2="0">
    <subfield code="a">005.8,CON</subfield>
  </datafield>
  <datafield tag="100" ind1="1" ind2=" ">
    <subfield code="a">Conklin, Wm. Arthur</subfield>
    <subfield code="9">118609</subfield>
  </datafield>
  <datafield tag="245" ind1="1" ind2="0">
    <subfield code="a">Principles of computer security :</subfield>
    <subfield code="b">CompTIA security+ and beyond /</subfield>
    <subfield code="c">Wm. Arthur Conklin, Gregory White.</subfield>
  </datafield>
  <datafield tag="250" ind1=" " ind2=" ">
    <subfield code="a">2nd ed.</subfield>
  </datafield>
  <datafield tag="260" ind1=" " ind2=" ">
    <subfield code="a">San Francisco, CA :</subfield>
    <subfield code="b">McGraw-Hill Companies,</subfield>
    <subfield code="c">2010.</subfield>
  </datafield>
  <datafield tag="300" ind1=" " ind2=" ">
    <subfield code="a">665p</subfield>
  </datafield>
  <datafield tag="505" ind1=" " ind2=" ">
    <subfield code="a">Intoduction and security trends (Page-1), General security concepts (Page-19), Operational organizational security (Page-43), The role of people in security (Page-63), Cryptography (Page-77), Public key infrastructure (Page-107), Standards and protocols (Page-153), The impact of physical security on network security (Page-181), Network fundamentals (Page-195), Infrastructure security (Page-215), Remote access (Page-257), Wireless and instant messaging (Page-287), Intrusion detection system (Page-309), Security baselines (Page-337), Attacks and malware (Page-395), E-mail (Page-423), Web components (Page-439), Software development (Page-469), Disaster recovery ,business continuity and organizational policies (Page-483), Risk management (Page-511), Change management (Page-533), Previlege management (Page-549), Computer forensics (Page-569),Security and Law (Page-587).</subfield>
  </datafield>
  <datafield tag="650" ind1=" " ind2="0">
    <subfield code="a">Computer networks</subfield>
    <subfield code="x">Examinations</subfield>
    <subfield code="9">94252</subfield>
  </datafield>
  <datafield tag="650" ind1=" " ind2="0">
    <subfield code="a">Computer technicians</subfield>
    <subfield code="x">Certification</subfield>
    <subfield code="9">118610</subfield>
  </datafield>
  <datafield tag="650" ind1=" " ind2="0">
    <subfield code="a">Electronic data processing personnel</subfield>
    <subfield code="x">Certification.</subfield>
    <subfield code="9">81704</subfield>
  </datafield>
  <datafield tag="700" ind1="1" ind2=" ">
    <subfield code="a">White, Gregory B.</subfield>
    <subfield code="9">118611</subfield>
  </datafield>
  <datafield tag="942" ind1=" " ind2=" ">
    <subfield code="2">ddc</subfield>
    <subfield code="c">BK</subfield>
  </datafield>
  <datafield tag="999" ind1=" " ind2=" ">
    <subfield code="c">179954</subfield>
    <subfield code="d">179954</subfield>
  </datafield>
  <datafield tag="952" ind1=" " ind2=" ">
    <subfield code="0">0</subfield>
    <subfield code="1">0</subfield>
    <subfield code="2">ddc</subfield>
    <subfield code="4">0</subfield>
    <subfield code="7">0</subfield>
    <subfield code="a">MCS</subfield>
    <subfield code="b">MCS</subfield>
    <subfield code="c">GEN</subfield>
    <subfield code="d">2016-12-12</subfield>
    <subfield code="l">1</subfield>
    <subfield code="o">005.8,CON</subfield>
    <subfield code="p">MCS32319</subfield>
    <subfield code="r">2023-11-06</subfield>
    <subfield code="s">2022-08-25</subfield>
    <subfield code="w">2016-12-12</subfield>
    <subfield code="y">BK</subfield>
    <subfield code="z">Almirah No.8, Shelf No.6</subfield>
  </datafield>
</record>
